000 00846naa a2200217 4500
001 216219759
003 UA-OsUOA
005 20201130155354.0
008 201130b un ||||| |||| 00| 0 ukr d
040 _aUA-OsUOA
_bukr
_cUA-OsUOA
_dUA-OsUOA
041 _aukr
080 _a908
090 _a908
100 _aБулига І.
245 _aРепресії тоталітарного режиму проти римо-католицької церкви на Волині у 1939–1941 рр.
_cІрина Булига
300 _aС. 32–40
650 _2UDC
773 0 _0349426
_9376619
_dОстрог 2009
_o123383
_tНаукові записки
_w(UA-OsUOA) 63342
942 _2udc
_cBKA
999 _c463942
_d463942